000 01925nam a2200277Ia 4500
999 _c47819
_d47819
001 14693
003 GE_BSU
005 20241120172635.0
008 181216s2014||||ge |||||||||||||| ||geo||
020 _a9789941935602
040 _cGE_BSU
041 _ageo
080 _a821.353.1(038) ძ-49
245 _aძველი ქართული აგიოგრაფიული ლიტერატურის ძეგლების სიმფონია-ლექსიკონი II. ს-ყ. ნაკვ. 3, ს-ყ /
_cხელნაწერთა ეროვნული ცენტრი ; შემდგ. : ნინო ადამია, ლიანა ახობაძე, ენრიკო გაბიძაშვილი [და სხვ.] ; გამოსაც. მოამზადეს: ლიანა ახობაძემ [და სხვ.] ; რედ. ნარგიზა გოგუაძე.
264 _aთბილისი :
_bარტანუჯი,
_c2014.
300 _a394 გვ. ;
_c24 სმ.
500 _aყდაზე სათაური : ქართული აგიოგრაფიული ძეგლების სიმფონია-ლექსიკონი
653 _aქართული აგიოგრაფიული ლიტერატურის ძეგლები
653 _aქართული აგიოგრაფიული ძეგლები
653 _aწმინდანთა ცხოვრება
700 _aადამია, ნინო
_eშემდგენელი
_923761
700 _aახობაძე, ლ.
_eშემდგენელი
_923762
700 _aგაბიძაშვილი, ე.
_eშემდგენელი
_923763
700 _aგოგუაძე, ნ.
_eრედაქტორი
_923764
942 _cBK
_2udc